Biblioteca

El divorcio (Registro nro. 51644)

Detalles MARC
000 -LÍDER
Campo fijo de descripción fija 00968aab a2200205 i 4500
001 - NÚMERO DE CONTROL
Campo de control 768714001
003 - IDENTIFICADOR DEL NÚMERO DE CONTROL
Campo de control CO-MdFUSB
005 - FECHA Y HORA DE LA ULTIMA TRANSACCIÓN
control field 20240422091529.0
008 - ELEMENTOS DE LONGITUD FIJA -- INFORMACIÓN GENERAL
Campo fijo de descripción fija -- Información general 240417t1986 ag ||||| |||| 00| 0 spa d
040 ## - FUENTE DE CATALOGACIÓN
Idioma de catalogación spa
Agencia que realiza la transcripción CO-MdFUSB
041 ## - CÓDIGO DE IDIOMA
Código de idioma para texto/pista de sonido o título separado spa
100 1# - ASIENTO PRINCIPAL--NOMBRE PERSONAL
Nombre personal Maldonado, Jorge E.
Término relacionador autor
245 #3 - TÍTULO
Título El divorcio
Mención de responsabilidad / Jorge E. Maldonado
300 ## - DESCRIPCIÓN FÍSICA
Extensión Volumen 5, número 1, (marzo, 1986), página: 21
Dimensiones ; 27 cm
520 ## - NOTA DE RESUMEN, ETC.
Nota de sumario, etc. Parece que es más fácil pensar en el divorcio. En medio de una sociedad completamente permisiva, que relativiza casi todos los principios éticos y morales, los divorcios han crecido vertiginosamente en las estadísticas de casi todos los países. Incluso el sistema legal de algunos países y el poder moral de la iglesia no pudieron detener ese impulso.
650 #0 - ASIENTO SECUNDARIO DE MATERIA - TERMINO TEMÁTICO
Término temático o nombre geográfico como elemento de entrada Familias
9 (RLIN) 292
650 #0 - ASIENTO SECUNDARIO DE MATERIA - TERMINO TEMÁTICO
Término temático o nombre geográfico como elemento de entrada Divorcio
9 (RLIN) 786
773 0# - ASIENTO DE ITEM FUENTE
Título Iglesia y Misión
Biblionumber 49402
Itemnumber 59679
Parte(s) relacionada(s) / Volumen., número. (mes año), páginas Volumen 5, número 1, (marzo, 1986), página: 21
Enumeración y primera página página: 21
942 ## - TIPO DE MATERIAL (KOHA)
Tipo de Item KOHA Artículos de Revista

No hay ítems disponibles.

Biblioteca FUSBC | Teléfono: (57+4) 349 88 10 Ext. 141| WhatsApp (+57) 3005338115 
E-mail: biblioteca@unisbc.edu.co | Calle 76 87-14 Robledo Palenque, Medellín, Colombia

Con tecnología Koha